Guida di letture givaniti per le biblioteche scolastiche e popolari / (Record no. 104588)

MARC details
000 -LEADER
campo de control de longitud fija 00547nam a2200157 i 4500
001 - NÚMERO DE CONTROL
campo de control 104588
003 - IDENTIFICADOR DE NÚMERO DE CONTROL
campo de control ES-MaACL
005 - FECHA Y HORA DE LA ÚLTIMA TRANSACCIÓN
campo de control 20230906183637.0
007 - CAMPO FIJO DE DESCRIPCIÓN FÍSICA--INFORMACIÓN GENERAL
campo de control de longitud fija t|
008 - DATOS DE LONGITUD FIJA--INFORMACIÓN GENERAL
campo de control de longitud fija 051202s1956 it ||||1| ita d
110 1# - ENTRADA PRINCIPAL--NOMBRE DE ENTIDAD CORPORATIVA
Nombre de entidad corporativa o nombre de jurisdicción como elemento de entrada Italia.
Unidad subordinada Ministero della Pubblica Instruzione.
9 (RLIN) 5318
245 10 - MENCIÓN DEL TÍTULO
Título Guida di letture givaniti per le biblioteche scolastiche e popolari /
Mención de responsabilidad, etc. Centro Didattico Nazionali di Studi e Documentazioni.
260 ## - PUBLICACIÓN, DISTRIBUCIÓN, ETC.
Lugar de publicación, distribución, etc. Firenze :
Nombre del editor, distribuidor, etc. [s.n.],
Fecha de publicación, distribución, etc. 1956 (
Fabricante Tip. Florentina)
300 ## - DESCRIPCIÓN FÍSICA
Extensión 175 p. ;
Dimensiones 21 cm.
852 ## - LOCALIZACIÓN
Ubicación ES-MaACL
Número de control de estantería C-21576
Sublocalización o colección R.50225
Holdings
Estatus retirado Estado de pérdida Estado de daño No para préstamo Biblioteca de origen Biblioteca actual Ubicación en estantería Fecha de adquisición Fuente de adquisición Total de préstamos Signatura topográfica completa Código de barras Visto por última vez Precio de reemplazo Tipo de ítem Koha
        Biblioteca del Ateneo de Madrid Biblioteca del Ateneo de Madrid Galería 17/01/2008     C-21576 1109193 23/02/2023 23/02/2023 Libro impreso